| 000 | 00564nam a2200229Ia 4500 | ||
|---|---|---|---|
| 008 | 210210b2012 xxu||||| |||| 00| 0 eng d | ||
| 020 | _a9788191064209 | ||
| 041 | _aeng | ||
| 082 | _a658 JAIM | ||
| 100 | _aJAIN (Vandana) | ||
| 245 | _aManagement theory and practice: with case studies | ||
| 260 |
_aAhmedabad _bInternational Book House Pvt. Ltd. _c2012 |
||
| 300 | _a420 | ||
| 650 | _atheory | ||
| 650 | _astudies | ||
| 650 | _apractice:with | ||
| 650 | _aManagement | ||
| 650 | _acase | ||
| 650 | _aand | ||
| 690 | _aManagement | ||
| 906 | _a069107 | ||
| 999 |
_c153211 _d153211 |
||